Análisis de las conductas sexuales de los adolescentes, Región Metropolitana

保存先:
書誌詳細
主要な著者: Lavín, Francisco (著者), Lavín, Pablo (著者), Vivanco, Sergio (著者)
フォーマット: 図書
言語:スペイン語
出版事項: Santiago SERNAM 1997
シリーズ:Documentos de Trabajo, 53
主題:
タグ: タグ追加
タグなし, このレコードへの初めてのタグを付けませんか!

MARC

LEADER 00000nam a2200000 a 4500
001 UCS9028
003 CL-VaPUC
008 971113e19970000CL |||||||||||||||||spa|d
082 0 4 |a 372.372  |b LAV  |2 21 
100 0 |a Lavín, Francisco  |e author  |9 394006 
700 0 |a Lavín, Pablo  |e author  |9 394007 
700 0 |a Vivanco, Sergio  |e author  |9 394008 
245 1 0 |a Análisis de las conductas sexuales de los adolescentes, Región Metropolitana 
300 |a 171 p 
942 |c BK 
945 |d 19971113 00:00:00  |a jquezada 
260 |a Santiago  |b SERNAM  |c 1997 
500 |a Contiene:Material complementario 
600 0 7 |a SERNAM  |2 CL-VaPUC  |9 394009 
650 0 |a Conducta sexual  |9 309880 
650 0 |a Sexualidad  |9 358183 
650 0 |a Adolescentes  |9 308058 
650 7 |a EMBARAZO  |2 CL-VaPUC  |9 308235 
650 0 |a Pobreza  |9 258652 
650 0 |a Maternidad  |9 335758 
650 0 |a Educación sexual  |9 308005 
583 |a last modification  |c 19971113 00:00:00  |k Rodrigo Vera 
490 0 |a Documentos de Trabajo, 53 
999 |c 263104  |d 263102 
952 |0 0  |1 0  |4 0  |6 372_372000000000000_LAV_1997  |7 0  |8 A  |9 292197  |a BIBGIM  |b BIBGIM  |d 2019-11-19  |i 3362000  |o 372.372 LAV 1997  |p 3362000  |r 2025-01-15  |w 2019-11-19  |y BK  |k GIM